000 00722cam a22002295a 4500
001 L159728
008 150226s2017 xxk f 000 0 eng d
035 _a(Sirsi) u159728
041 0 _aeng
100 1 _aHooper, Brendon
_96168
245 0 0 _aFrankfurt takes aim
260 _c2017
490 _aModus
_vJune 2017, 32-33(2)
520 _aGermany's finance centre Frankfurt is enjoying its best office market performance since 2008 as it's readying itself for Brexit.
590 _aKA
650 2 4 _aFINANCIAL CENTRE
650 2 4 _aPROPERTY-COMMERCIAL PROPERTY-OFFICE PROPERTY-OFFICE PROPERTY MARKET
650 2 4 _aREAL ESTATE INVESTMENT
651 4 _aGermany
690 _aCommercial property
_96227
942 _n0
999 _c84939
_d84939